| 000 | 00430cam a22001457a 4500 | ||
|---|---|---|---|
| 008 | 180718b1986 xxu||||| |||| 00| 0 eng d | ||
| 082 | _aC41 Sh22 | ||
| 100 | _aShapiro, Ian | ||
| 245 |
_aEvolution of rights in liberal theory _cby Ian Shapiro |
||
| 260 |
_aCambridge _bCambridge University Press _c1986 |
||
| 300 | _a326p. | ||
| 650 | _aHuman rights --History | ||
| 650 | _aLiberalism --History | ||
| 650 | _aCivil rights --History | ||
| 999 |
_c354232 _d354232 |
||